Top 50 Albums of 2020 - Statistics

General Stats
  • This quiz has been taken 18 times
  • The average score is 14 of 50
Answer Stats
# Album Artist % Correct
1 After Hours The Weeknd
75%
8 Circles Mac Miller
75%
3 Eternal Atake Lil Uzi Vert
67%
36 Positions Ariana Grande
67%
13 Folklore Taylor Swift
58%
34 Future Nostalgia Dua Lipa
58%
30 Good News Megan Thee Stallion
42%
19 Meet the Woo 2 Pop Smoke
42%
2 My Turn Lil Baby
42%
25 RTJ4 Run the Jewels
42%
6 Savage Mode II 21 Savage & Metro Boomin'
42%
10 Shoot for the Stars, Aim for the Moon Pop Smoke
42%
14 Wunna Gunna
42%
28 Dark Lane Demo Tapes Drake
33%
48 Featuring Ty Dolla $ign Ty Dolla $ign
33%
27 Fetch the Bolt Cutters Fiona Apple
33%
23 It Was Good Until It Wasn't Kehlani
33%
40 Legends Never Die Juice WRLD
33%
33 Notes on a Conditional Form The 1975
33%
11 The GOAT Polo G
33%
7 The Slow Rush Tame Impala
33%
15 Ungodly Hour Chloe x Halle
33%
4 Alfredo Freddie Gibbs & the Alchemist
25%
49 Detroit 2 Big Sean
25%
26 F*ck the World Brent Faiyaz
25%
44 King's Disease Nas
25%
17 A Muse in Her Feelings dvsn
17%
18 A Written Testimony Jay Electronica
17%
5 Burden of Proof Benny the Butcher
17%
12 From King to a GOD Conway the Machine
17%
20 Ho, Why Is You Here? Flo Milli
17%
47 Just Cause Y'All Waited 2 Lil Durk
17%
37 Limbo Aminé
17%
9 Pray for Paris Westside Gunn
17%
21 So Help Me God! 2 Chainz
17%
24 The Price of Tea in China Boldy James
17%
31 Top YoungBoy Never Broke Again
17%
38 Unlocked Denzel Curry & Kenny Beats
17%
22 Angelic Hoodrat Kenny Mason
8%
39 Anyways Young Nudy
8%
41 Industry Games CHIKA
8%
32 Mt. Marci Roc Marciano
8%
46 Only for Dolphins Action Bronson
8%
42 Reasonable Drought Stove God Cooks
8%
43 Spilligion Spillage Village
8%
16 YHLQMDLG Bad Bunny
8%
29 Young & Turnt 2 42 Dugg
8%
50 Forever, Ya Girl KeiyaA
0%
35 One and Only Sheff G
0%
45 While the World Was Burning SAINt JHN
0%
No matching quizzes found
Score Distribution
Percent of People with Each Score
Percentile by Number Answered
Your Score History
You have not taken this quiz